| 000 | 00435nam a2200157Ia 4500 | ||
|---|---|---|---|
| 008 | 130318s9999 xx 000 0 und d | ||
| 020 | _a9781591391111 | ||
| 082 | _a658.4052 HAR/N | ||
| 100 | _aHarvard Business Review | ||
| 245 | _aNegotiation | ||
| 260 |
_bHarvard Business School Press _aBoston _c2003 |
||
| 300 | _a170 | ||
| 440 | _aThe Harvard Business Essentials Series | ||
| 650 | _aEXECUTIVE MANAGEMENT | ||
| 650 | _aNEGOTIATION | ||
| 999 |
_c1498 _d1498 |
||